Finance d'entreprise - Statistiques

Statistiques générales
  • Ce quiz a été pris 411 fois
  • Le résultat moyen est 2 sur 22
Statistiques - réponses
Questions Réponses % Correct
1. Acte par lequel l’entreprise dépense de l’argent pour en gagner plus. C’est un engagement envers l’entreprise et l’actionnaire. Il s’agit de l’investissement
90%
Lorsque l’on investi on cherche à savoir si l’investissement est … ou non rentable
44%
13. Donnez la première méthode de choix d’investissement la Valeur actuelle net/VAN
4%
15. Donnez la deuxième méthode de choix d’investissement le Taux de rendement interne/TRI
4%
2. Donnez les 3 types d’investissements comptable : corporels, incorporels, financiers
2%
16. Il s’agit du taux pour lequel La VAN s’annule
2%
12. Cet élément peut être imposable en cas de plus-value
2%
22. Donnez un type de risque lié à l’investissement juridiques/commerciaux/macro-économique/financiers/techniques/sociaux/humains/environnementale/sociétaux/politique
1%
18. Donnez la 3ème méthode de choix d’investissement le délai de récupération du capital
1%
20. Donnez la 4ème méthode de choix d’investissement l’indice de profitabilité
1%
17. Pour faire les calculs on utilise la méthode de l’interpolation linéaire
1%
6. Les parties prenantes concernées par les investissements sont actionnaires, banques, État, salariés
0%
19. Donnez la formule de la date Date= n+(FNTn- FNT cumulés n)/FNTn
0%
8. Donner les 3 éléments de l’investissement Dépenses d’investissement, Flux net de trésorerie, la valeur résiduelle
0%
3. Donnez les types d’investissement stratégiques : expansion, diversification, remplacement, modernisation, sociétaux
0%
10. Donnez la formule du 2ème élément FNT= Rt-Dt
0%
9. Citez une des composantes, du 1ère élément d’investissement Frais d’installation/Frais de formation/Frais de livraison/Prix d’achat
0%
21. Donnez sa formule ip= 1+VAN/Capital investi
0%
5. Les investissements sont définis par le plan stratégique
0%
11. Le 3ème élément se calcule à partir du prix de cession
0%
4. Donnez les types d’investissement pour la production renouvellement, capacité, productivité
0%
14. Donnez sa formule somme[FNTn/(1+i)^n]
0%
Aucun quiz correspondant
Distribution des résultats
% des personnes avec chaque résultat
Percentile par nombre de réponses
Votre historique - résultats
Vous n’avez pas pris ce quiz